000 00538nam a2200145Ia 4500
008 151213s9999 xx 000 0 und d
100 _aমাহমুদ নাসির জাহাঙ্গির
245 _aকাহাত কহর সাল।
_cমাহমুদ নাসির জাহাঙ্গির
260 _aঢাকা
_bঐতিহ্য।
_c2002
300 _a8710 p.
650 _aBangla
650 _aগল্প
700 _aমাহমুদ নাসির জাহাঙ্গির
999 _c4496
_d4496